[Event "CAN-ch U20"]
[Site "Mississauga CAN"]
[Date "2017.08.11"]
[Round "4.14"]
[White "Jiang, Brian"]
[Black "Atanasov, Anthony"]
[Result "1-0"]
[WhiteElo "1827"]
[BlackElo "1884"]
[PlyCount "83"]
[EventDate "2017.08.09"]
[EventType "swiss"]
[EventRounds "7"]
[EventCountry "CAN"]

1. d4 Nf6 2. c4 g6 3. Nc3 d5 4. Qb3 c6 5. Bg5 dxc4 6. Qxc4 Bg7 7. Nf3 Bf5 8. e3
Nbd7 9. Be2 Nb6 10. Qb3 Ne4 11. Bf4 O-O 12. O-O Nxc3 13. bxc3 Nd5 14. Bg3 Qb6
15. Qa3 a5 16. Nd2 Rfd8 17. Rac1 Nf6 18. Qxe7 Qb2 19. Rfd1 Re8 20. Qc5 Bf8 21.
Qc4 Be6 22. Qd3 Qxa2 23. e4 Qa3 24. Ra1 Qe7 25. Bh4 Bh6 26. e5 Bf5 27. Qg3 Bc2
28. Bxf6 Bxd1 29. Bxe7 Bxe2 30. Bg5 Bg7 31. Ne4 Reb8 32. Nf6+ Kh8 33. Qh3 h5
34. g4 Bxf6 35. Bxf6+ Kh7 36. f3 Bd3 37. gxh5 Rg8 38. hxg6+ Kxg6 39. Kf2 Bf5
40. Rg1+ Bg4 41. Qxg4+ Kh6 42. Qh4# 1-0

[Event "CAN-ch U20"]
[Site "Mississauga CAN"]
[Date "2017.08.11"]
[Round "5.14"]
[White "Atanasov, Anthony"]
[Black "Cui, Cynthia"]
[Result "1-0"]
[WhiteElo "1884"]
[BlackElo "1767"]
[PlyCount "103"]
[EventDate "2017.08.09"]
[EventType "swiss"]
[EventRounds "7"]
[EventCountry "CAN"]

1. d4 d5 2. Nf3 Nf6 3. e3 e6 4. c3 Be7 5. Bd3 O-O 6. Nbd2 c5 7. O-O Nc6 8. Qe2
Qc7 9. dxc5 Bxc5 10. e4 dxe4 11. Nxe4 Be7 12. Bg5 Nd5 13. Bc2 h6 14. Bd2 Ne5
15. Nxe5 Qxe5 16. Qg4 Nf6 17. Nxf6+ Qxf6 18. Rfe1 Bc5 19. Re2 Bd7 20. Qe4 Qf5
21. Qxf5 exf5 22. Re5 Bb6 23. Bb3 Rad8 24. h4 Rfe8 25. Rae1 Rxe5 26. Rxe5 Be6
27. Re2 Bxb3 28. axb3 Kf8 29. Kf1 Rd5 30. g3 a5 31. c4 Rd3 32. b4 Bd4 33. bxa5
Rb3 34. Be3 Bxb2 35. Bc5+ Kg8 36. Re8+ Kh7 37. Bb6 Bc3 38. Re7 Rb1+ 39. Kg2 Kg6
40. Rxb7 Bxa5 41. c5 f6 42. Rb8 Bxb6 43. cxb6 f4 44. Rb7 fxg3 45. Kxg3 f5 46.
Kf3 Rb4 47. Kg3 Kf6 48. Rb8 Ke7 49. b7 g5 50. Rh8 gxh4+ 51. Kh3 Rxb7 52. Rh7+
1-0

[Event "CAN-ch U20"]
[Site "Mississauga CAN"]
[Date "2017.08.12"]
[Round "6.13"]
[White "Rusonik, Max"]
[Black "Atanasov, Anthony"]
[Result "1-0"]
[WhiteElo "1880"]
[BlackElo "1884"]
[PlyCount "131"]
[EventDate "2017.08.09"]
[EventType "swiss"]
[EventRounds "7"]
[EventCountry "CAN"]

1. e4 c5 2. Nf3 d6 3. d4 cxd4 4. Nxd4 Nf6 5. Nc3 a6 6. Bg5 Nbd7 7. f4 Qc7 8.
Qf3 h6 9. Bxf6 Nxf6 10. Be2 g6 11. O-O-O Bg7 12. h3 Rb8 13. Rhe1 b5 14. e5 Bb7
15. exf6 Bxf3 16. fxg7 Rg8 17. Bxf3 e6 18. Nd5 Qc4 19. Nc6 Rxg7 20. Nxb8 Qxa2
21. c3 Qa1+ 22. Kc2 Qa4+ 23. Kb1 Kf8 24. Rd4 Qa5 25. Nc6 Qa4 26. Rxa4 bxa4 27.
Nb6 e5 28. fxe5 dxe5 29. Rxe5 f6 30. Re7 Rxe7 31. Nxe7 Kxe7 32. Nxa4 Kd6 33.
Kc2 f5 34. Kd3 Ke5 35. Nc5 a5 36. Nb3 a4 37. Nc5 a3 38. bxa3 Kf4 39. Ne6+ Ke5
40. Nf8 g5 41. a4 Kd6 42. a5 Kc5 43. a6 Kb6 44. Bb7 g4 45. hxg4 fxg4 46. Ng6 h5
47. Nh4 Kc7 48. Ke4 Kb6 49. Kf5 Kc7 50. Kg5 Kb8 51. Kxh5 g3 52. Nf5 Ka7 53.
Nxg3 Kb6 54. Ne2 Kc7 55. g4 Kb6 56. g5 Kc7 57. Bg2 Kd6 58. a7 Ke5 59. a8=Q Kd6
60. Qd5+ Ke7 61. Qe5+ Kd7 62. Bh3+ Kc6 63. Nd4+ Kb6 64. Qb5+ Kc7 65. Qc6+ Kd8
66. Qd7# 1-0

[Event "CAN-ch U20"]
[Site "Mississauga CAN"]
[Date "2017.08.13"]
[Round "8.12"]
[White "Gilani, Mysha"]
[Black "Atanasov, Anthony"]
[Result "0-1"]
[WhiteElo "1643"]
[BlackElo "1884"]
[PlyCount "66"]
[EventDate "2017.08.09"]
[EventType "swiss"]
[EventRounds "7"]
[EventCountry "CAN"]

1. d4 Nf6 2. c4 g6 3. Nc3 d5 4. cxd5 Nxd5 5. e4 Nxc3 6. bxc3 Bg7 7. Be3 c5 8.
Bc4 Nc6 9. Ne2 O-O 10. O-O Bg4 11. f3 Bd7 12. Rb1 Rc8 13. dxc5 Qc7 14. Qc2 Na5
15. Bd3 Be6 16. Bd4 Nc4 17. Bxc4 Bxc4 18. Rf2 Rfd8 19. Qa4 Ba6 20. Ng3 e5 21.
Be3 Rd3 22. Re1 Bf8 23. c4 Bxc5 24. Bxc5 Qxc5 25. Qc2 Rcd8 26. Kh1 Qb4 27. Rb1
Qd6 28. h3 Qd4 29. Kh2 Bxc4 30. Rxb7 Be6 31. Qb2 a6 32. Rc2 Rd1 33. Rc6 Qg1#
0-1

[Event "CAN-ch U20"]
[Site "Mississauga CAN"]
[Date "2017.08.13"]
[Round "9.7"]
[White "Atanasov, Anthony"]
[Black "Issani, Nameer"]
[Result "1/2-1/2"]
[WhiteElo "1884"]
[BlackElo "2072"]
[PlyCount "53"]
[EventDate "2017.08.09"]
[EventType "swiss"]
[EventRounds "7"]
[EventCountry "CAN"]

1. d4 Nf6 2. Nf3 e6 3. e3 d5 4. Bd3 Bd6 5. Nbd2 Nbd7 6. O-O O-O 7. Qe2 c5 8. c3
Re8 9. e4 dxe4 10. Nxe4 Nxe4 11. Bxe4 f5 12. Bc2 Nf6 13. dxc5 Bxc5 14. Rd1 Qc7
15. Be3 b6 16. Bd4 Bb7 17. Ba4 Bc6 18. Be5 Qb7 19. Bxc6 Qxc6 20. Nd4 Bxd4 21.
Rxd4 Rad8 22. Rad1 Rxd4 23. Rxd4 Ne4 24. f3 Qc5 25. Bxg7 Kxg7 26. fxe4 e5 27.
b4 1/2-1/2

[Event "CAN-op U2200"]
[Site "Sault Ste Marie CAN"]
[Date "2017.07.11"]
[Round "1"]
[White "Atanasov, Anthony"]
[Black "Wang, Jeff"]
[Result "1/2-1/2"]
[WhiteElo "1823"]
[BlackElo "1939"]
[PlyCount "34"]
[EventDate "2017.07.08"]
[EventType "swiss"]
[EventRounds "9"]
[EventCountry "CAN"]

1. d4 Nf6 2. Nf3 g6 3. c4 Bg7 4. Bf4 O-O 5. e3 c6 6. Nc3 Nh5 7. Bg5 d5 8. Be2
Be6 9. Qb3 b6 10. O-O h6 11. Bh4 g5 12. Nd2 Nf6 13. Bg3 a6 14. Bxb8 Rxb8 15.
cxd5 Nxd5 16. Nxd5 Bxd5 17. Qa4 a5 1/2-1/2

[Event "CAN-op U2200"]
[Site "Sault Ste Marie CAN"]
[Date "2017.07.11"]
[Round "2"]
[White "Konovalenko, Sasha"]
[Black "Atanasov, Anthony"]
[Result "1-0"]
[WhiteElo "1982"]
[BlackElo "1823"]
[PlyCount "95"]
[EventDate "2017.07.08"]
[EventType "swiss"]
[EventRounds "9"]
[EventCountry "CAN"]

1. d4 Nf6 2. Bf4 g6 3. Nc3 Bg7 4. e4 d5 5. e5 Ne4 6. Nge2 Nxc3 7. Nxc3 Bf5 8.
Bd3 Bxd3 9. Qxd3 c6 10. h4 h5 11. O-O-O e6 12. Rdg1 a5 13. g4 Na6 14. gxh5 Nb4
15. Qd2 Rxh5 16. Bg5 Qc7 17. a3 Na6 18. Ne2 Kd7 19. Ng3 Rah8 20. Nxh5 Rxh5 21.
Bf4 Qd8 22. Rg5 Qh8 23. Rxh5 Qxh5 24. Be3 b6 25. Qd1 Qf5 26. h5 Ke8 27. hxg6
fxg6 28. Qf1 Nc7 29. Qh3 Kf7 30. Qg3 Kf8 31. Rh4 Kg8 32. Rg4 Ne8 33. Rxg6 Kf7
34. Rg4 Qh7 35. Rh4 Qg8 36. Qg5 Nc7 37. Rf4+ Ke8 38. Qg6+ Ke7 39. Rg4 Ne8 40.
Bg5+ Kd7 41. Kb1 Qf8 42. Rf4 Qh8 43. Rf7+ Kc8 44. Qxe6+ Kb8 45. Qd7 Qh1+ 46.
Ka2 Nd6 47. Qc7+ Ka8 48. Qa7# 1-0

[Event "CAN-op U2200"]
[Site "Sault Ste Marie CAN"]
[Date "2017.07.12"]
[Round "3"]
[White "Ellis, James"]
[Black "Atanasov, Anthony"]
[Result "0-1"]
[WhiteElo "1853"]
[BlackElo "1823"]
[PlyCount "40"]
[EventDate "2017.07.08"]
[EventType "swiss"]
[EventRounds "9"]
[EventCountry "CAN"]

1. d4 Nf6 2. c4 g6 3. Nc3 d5 4. Nf3 Bg7 5. cxd5 Nxd5 6. e4 Nxc3 7. bxc3 c5 8.
Rb1 O-O 9. Be2 Nc6 10. d5 Bxc3+ 11. Bd2 Bxd2+ 12. Qxd2 Na5 13. h4 e6 14. h5
exd5 15. Ng5 dxe4 16. Qf4 Bf5 17. Nxh7 e3 18. Rd1 Qe7 19. Qh6 exf2+ 20. Kf1
Rae8 0-1

[Event "CAN-op U2200"]
[Site "Sault Ste Marie CAN"]
[Date "2017.07.12"]
[Round "4"]
[White "Atanasov, Anthony"]
[Black "Li, Eric M"]
[Result "0-1"]
[WhiteElo "1823"]
[BlackElo "1992"]
[PlyCount "110"]
[EventDate "2017.07.08"]
[EventType "swiss"]
[EventRounds "9"]
[EventCountry "CAN"]

1. d4 Nf6 2. Nf3 g6 3. c4 Bg7 4. Nc3 d5 5. Bf4 O-O 6. e3 c5 7. Be2 Nc6 8. Ne5
Be6 9. cxd5 Nxd5 10. Nxc6 bxc6 11. Nxd5 cxd5 12. Qd2 cxd4 13. exd4 Qb6 14. Rd1
Rac8 15. O-O Bf5 16. Bf3 Rfd8 17. Rfe1 Rc2 18. Qe3 Bf8 19. Bh6 Bxh6 20. Qxh6
Be6 21. Qg5 Rd7 22. Bg4 Bxg4 23. Qxg4 e6 24. b3 Rxa2 25. Re3 Qa6 26. h4 Ra1 27.
Rc3 Rxd1+ 28. Qxd1 Qd6 29. h5 Rc7 30. Rh3 Qf4 31. Rf3 Rc1 32. Rxf4 Rxd1+ 33.
Kh2 Rd3 34. b4 Rb3 35. Rf3 Rxf3 36. gxf3 gxh5 37. Kg3 Kg7 38. Kh4 Kg6 39. f4 a6
40. f3 f6 41. Kh3 Kf5 42. Kg3 h4+ 43. Kxh4 Kxf4 44. Kh5 e5 45. dxe5 fxe5 46.
Kh6 d4 47. Kg7 d3 48. b5 axb5 49. Kh8 d2 50. Kg7 d1=Q 51. Kf6 Qd6+ 52. Kg7 h5
53. Kf7 Kf5 54. Ke8 Ke6 55. f4 Qe7# 0-1

[Event "CAN-op U2200"]
[Site "Sault Ste Marie CAN"]
[Date "2017.07.13"]
[Round "5"]
[White "Ning, Eric"]
[Black "Atanasov, Anthony"]
[Result "1/2-1/2"]
[WhiteElo "1922"]
[BlackElo "1823"]
[PlyCount "56"]
[EventDate "2017.07.08"]
[EventType "swiss"]
[EventRounds "9"]
[EventCountry "CAN"]

1. d4 Nf6 2. c4 g6 3. Nc3 d5 4. cxd5 Nxd5 5. e4 Nxc3 6. bxc3 Bg7 7. Bc4 c5 8.
Ne2 O-O 9. O-O Nc6 10. Be3 Bg4 11. f3 Bd7 12. Qd2 Qc7 13. Rac1 Rfd8 14. Rfd1
Na5 15. Bd3 Ba4 16. Rf1 a6 17. f4 Bb5 18. c4 Ba4 19. d5 e6 20. Nc3 Be8 21. e5
b6 22. Rb1 Rab8 23. d6 Qc8 24. Qf2 Bc6 25. g4 Kh8 26. Rb2 Ba8 27. Rfb1 f6 28.
Qh4 Qc6 1/2-1/2

[Event "CAN-op U2200"]
[Site "Sault Ste Marie CAN"]
[Date "2017.07.13"]
[Round "6"]
[White "Atanasov, Anthony"]
[Black "Saine, Zachary"]
[Result "0-1"]
[WhiteElo "1823"]
[BlackElo "1966"]
[PlyCount "156"]
[EventDate "2017.07.08"]
[EventType "swiss"]
[EventRounds "9"]
[EventCountry "CAN"]

1. d4 d5 2. c4 e6 3. Nc3 c6 4. e4 dxe4 5. Nxe4 Bb4+ 6. Bd2 Qxd4 7. Bxb4 Qxe4+
8. Be2 Na6 9. Bf8 Ne7 10. Bxe7 Kxe7 11. Nf3 Rd8 12. Qb3 Nc5 13. Qa3 b6 14. Kf1
f6 15. Re1 e5 16. h4 Bg4 17. Kg1 Bxf3 18. gxf3 Qf4 19. Kg2 Rd2 20. b4 Ne6 21.
Qa6 Rd7 22. Rd1 Nd4 23. Rhe1 Rad8 24. a3 Qxh4 25. c5 Ne6 26. Rxd7+ Rxd7 27. Rg1
Nf4+ 28. Kf1 Qh3+ 29. Ke1 Ng2+ 30. Rxg2 Qxg2 31. cxb6 Qh1+ 32. Bf1 Qxf3 33. Be2
Qc3+ 34. Kf1 axb6 35. Qxb6 h5 36. Kg2 Qc1 37. a4 Qc2 38. Bxh5 Qxa4 39. Bg4 Qb5
40. Qe3 Rd4 41. Bf5 Qxb4 42. f4 Qd2+ 43. Qxd2 Rxd2+ 44. Kf3 exf4 45. Kxf4 Rf2+
46. Ke4 Rxf5 47. Kxf5 c5 48. Kg6 Kf8 49. Kh5 Kf7 50. Kg4 Ke6 51. Kf4 g6 52. Ke4
Kd6 53. Kf4 Kd5 54. Kg4 Kd4 55. Kf4 c4 56. Kg4 c3 57. Kf4 c2 58. Kf3 c1=Q 59.
Kg2 Qe3 60. Kh1 f5 61. Kg2 f4 62. Kh2 g5 63. Kh1 Qh3+ 64. Kg1 g4 65. Kf2 Qh2+
66. Ke1 g3 67. Kd1 g2 68. Kc2 f3 69. Kb3 f2 70. Kb4 g1=Q 71. Ka5 f1=Q 72. Kb6
Kd5+ 73. Kb7 Kc5 74. Ka7 Kc6+ 75. Ka8 Qgh1 76. Ka7 Qfg1+ 77. Ka6 Kc5 78. Ka5
Qa8# 0-1

[Event "CAN-op U2200"]
[Site "Sault Ste Marie CAN"]
[Date "2017.07.14"]
[Round "7"]
[White "Lambruschini, Alex"]
[Black "Atanasov, Anthony"]
[Result "0-1"]
[WhiteElo "1837"]
[BlackElo "1823"]
[PlyCount "54"]
[EventDate "2017.07.08"]
[EventType "swiss"]
[EventRounds "9"]
[EventCountry "CAN"]

1. b4 e5 2. a3 Nf6 3. Bb2 d6 4. c4 Be6 5. d3 a5 6. b5 c6 7. a4 Nbd7 8. bxc6
bxc6 9. Ba3 d5 10. Bxf8 Nxf8 11. Na3 Ng6 12. e3 O-O 13. Ne2 Qd6 14. Nc2 Rfd8
15. Nc3 d4 16. exd4 exd4 17. Ne2 c5 18. Na3 Qe5 19. g3 Bg4 20. Bg2 Ra7 21. h3
Bh5 22. f3 Re8 23. g4 Nf4 24. gxh5 Qxe2+ 25. Qxe2 Rxe2+ 26. Kf1 Rxg2 27. Re1 h6
0-1

[Event "CAN-op U2200"]
[Site "Sault Ste Marie CAN"]
[Date "2017.07.15"]
[Round "8"]
[White "Atanasov, Anthony"]
[Black "Piccinin, Mario"]
[Result "1-0"]
[WhiteElo "1823"]
[BlackElo "1826"]
[PlyCount "125"]
[EventDate "2017.07.08"]
[EventType "swiss"]
[EventRounds "9"]
[EventCountry "CAN"]

1. d4 f5 2. g3 e6 3. Nf3 Nf6 4. Bg2 Be7 5. O-O O-O 6. c4 d6 7. Nc3 Nc6 8. d5
Ne5 9. Nd4 Nxc4 10. Nxe6 Bxe6 11. dxe6 c6 12. Qd3 d5 13. Qxf5 Bc5 14. Bg5 Ne4
15. Bxe4 Rxf5 16. Bxd8 dxe4 17. e7 Re5 18. b3 Nb6 19. Rad1 Kf7 20. Kg2 Bxe7 21.
Bxe7 Kxe7 22. Rd4 h6 23. Rxe4 Rxe4 24. Nxe4 Nd5 25. h4 Rd8 26. Rc1 Nb4 27. a3
Rd4 28. Nc5 b6 29. axb4 bxc5 30. Rxc5 Rxb4 31. Rxc6 a5 32. Rc5 a4 33. bxa4 Rxa4
34. Rc7+ Kf6 35. Kf3 h5 36. Rc6+ Kf5 37. Rc5+ Kg6 38. e4 Kh6 39. Kf4 g6 40. f3
Ra1 41. Rc4 Rg1 42. e5 Kg7 43. g4 hxg4 44. fxg4 Kh6 45. Rc3 Rf1+ 46. Rf3 Rh1
47. e6 Kg7 48. Kg5 Re1 49. Rf7+ Kg8 50. Kxg6 Rxe6+ 51. Rf6 Re4 52. Kg5 Kg7 53.
Rf5 Ra4 54. Rb5 Ra7 55. h5 Kh7 56. h6 Rc7 57. Kh5 Ra7 58. g5 Ra8 59. Rf5 Rb8
60. g6+ Kh8 61. h7 Kg7 62. Rf7+ Kh8 63. Kh6 1-0

[Event "CAN-op U2200"]
[Site "Sault Ste Marie CAN"]
[Date "2017.07.16"]
[Round "9"]
[White "Ranola, Alberto"]
[Black "Atanasov, Anthony"]
[Result "0-1"]
[WhiteElo "2075"]
[BlackElo "1823"]
[PlyCount "96"]
[EventDate "2017.07.08"]
[EventType "swiss"]
[EventRounds "9"]
[EventCountry "CAN"]

1. Nf3 c5 2. c4 Nf6 3. g3 g6 4. Bg2 Bg7 5. O-O d6 6. Nc3 O-O 7. d4 Nfd7 8. e3
Nc6 9. h3 a6 10. a3 Rb8 11. Qd3 Na7 12. Bd2 b5 13. b3 Bb7 14. cxb5 axb5 15. a4
Bc6 16. Rfb1 b4 17. Ne2 e5 18. Ne1 exd4 19. exd4 Qb6 20. Be3 Bxg2 21. Kxg2 Nc6
22. dxc5 Qb7 23. Qxd6 Bxa1 24. Rxa1 Nd4+ 25. Kf1 Nf5 26. Qf4 Qd5 27. c6 Qxc6
28. Rc1 Qe6 29. Rc4 Ne5 30. Re4 Nxe3+ 31. Qxe3 Qxh3+ 32. Kg1 f6 33. Nf4 Qd7 34.
Nfd3 Nxd3 35. Nxd3 Rfe8 36. Rxe8+ Rxe8 37. Qf3 Qd6 38. Nf4 Kg7 39. Kg2 Rb8 40.
Qe3 Qc6+ 41. Kh2 Kf7 42. Qd4 g5 43. Ng2 Kg6 44. Ne3 Rb7 45. Qd3+ Kg7 46. Nc4
Qc5 47. Qf3 Rd7 48. a5 Ra7 0-1

[Event "Wch-U08"]
[Site "Batumi GEO"]
[Date "2016.10.20"]
[Round "2.11"]
[White "Atanasov, Anthony"]
[Black "Kalashnikov, Mikhail"]
[Result "1-0"]
[WhiteElo "1546"]
[BlackElo "1248"]
[PlyCount "69"]
[EventDate "2016.10.19"]
[EventType "swiss"]
[EventRounds "11"]
[EventCountry "GEO"]
[Source "Chess Mix"]

1. d4 d5 2. Nf3 Bf5 3. Ne5 Nf6 4. e3 e6 5. g4 Bg6 6. h4 h6 7. Nxg6 fxg6 8. Bd3
Kf7 9. Rg1 Ne4 10. Qf3+ Qf6 11. Bxe4 dxe4 12. Qxe4 Nc6 13. g5 Qf5 14. Qxf5+
gxf5 15. g6+ Kf6 16. h5 Nb4 17. Kd2 c5 18. c3 Nc6 19. f4 cxd4 20. exd4 Rd8 21.
Ke3 b5 22. Nd2 b4 23. Nf3 bxc3 24. bxc3 Bd6 25. Ne5 Nxe5 26. fxe5+ Bxe5 27.
dxe5+ Kxe5 28. c4 Rc8 29. Bb2+ Kd6 30. Bxg7 Rhg8 31. Rad1+ Ke7 32. Bxh6 Rxc4
33. Bg5+ Kf8 34. Rd8+ Kg7 35. h6+ 1-0

[Event "Wch-U08"]
[Site "Batumi GEO"]
[Date "2016.10.21"]
[Round "3.8"]
[White "Shamatava, Nikolozi"]
[Black "Atanasov, Anthony"]
[Result "0-1"]
[WhiteElo "1266"]
[BlackElo "1546"]
[PlyCount "134"]
[EventDate "2016.10.19"]
[EventType "swiss"]
[EventRounds "11"]
[EventCountry "GEO"]
[Source "Chess Mix"]

1. d4 f5 2. Nf3 Nf6 3. c4 g6 4. Nc3 Bg7 5. g3 d6 6. Bg2 O-O 7. O-O Qe8 8. Re1
e5 9. dxe5 dxe5 10. e4 fxe4 11. Nxe4 Nxe4 12. Rxe4 Nc6 13. Re1 Qf7 14. Be3 h6
15. Qc1 Bg4 16. Nd2 Kh7 17. h3 Be6 18. b3 Nb4 19. Qc3 a5 20. Ne4 Rad8 21. a3
Nc6 22. Qc2 Nd4 23. Bxd4 exd4 24. Qd2 b6 25. Rad1 c5 26. Qe2 a4 27. Nxc5 bxc5
28. Qxe6 Qxf2+ 29. Kh2 Rde8 30. Qxe8 Rxe8 31. Rxe8 axb3 32. Rf1 Qb2 33. Re7 d3
34. Rd1 Qc2 35. Ree1 d2 36. Rf1 b2 37. a4 Qc1 38. Be4 Qxc4 39. Bb1 Qc1 40. a5
c4 41. a6 Bd4 42. Kg2 Kg7 43. Kf3 h5 44. Ke2 c3 45. Kd3 Ba7 46. g4 Kh6 47. gxh5
gxh5 48. Rh1 Kg5 49. Rhf1 Kh4 50. Rh1 Bf2 51. Rhf1 Kxh3 52. Rh1+ Kg2 53. Rhf1
h4 54. Ke2 Bb6 55. Kd3 h3 56. Bc2 h2 57. Rf6 b1=Q 58. Bxb1 Qxd1 59. Bc2 Qf1+
60. Rxf1 Kxf1 61. Kxc3 h1=Q 62. Kxd2 Qd5+ 63. Kc3 Ke2 64. Bb3 Qd2+ 65. Kc4 Qd4+
66. Kb5 Qc5+ 67. Ka4 Qa5# 0-1

[Event "Wch-U08"]
[Site "Batumi GEO"]
[Date "2016.10.22"]
[Round "4.1"]
[White "Atanasov, Anthony"]
[Black "Ansat, Aldiyar"]
[Result "1-0"]
[WhiteElo "1546"]
[BlackElo "1791"]
[PlyCount "111"]
[EventDate "2016.10.19"]
[EventType "swiss"]
[EventRounds "11"]
[EventCountry "GEO"]
[Source "Chess Mix"]

1. d4 Nf6 2. Nf3 c5 3. d5 e6 4. Nc3 exd5 5. Nxd5 Nxd5 6. Qxd5 Be7 7. e3 O-O 8.
Be2 Nc6 9. O-O Nb4 10. Qd1 d5 11. c3 Nc6 12. Qc2 Be6 13. Rd1 a5 14. Bd3 g6 15.
e4 d4 16. Bh6 c4 17. Bxc4 Bxc4 18. cxd4 Ba6 19. Bxf8 Bxf8 20. a3 Bg7 21. Qd2
Qd6 22. d5 Ne5 23. Nxe5 Bxe5 24. h3 Re8 25. Re1 Rf8 26. Qc2 Qf6 27. Rab1 Qf4
28. g3 Qh6 29. Kg2 Qg5 30. b4 axb4 31. axb4 b5 32. Qc1 Qh5 33. Qe3 Bc8 34. Rh1
Re8 35. Rbc1 Bg7 36. Qf3 Qe5 37. Rhe1 Bb7 38. Qd3 Rf8 39. Qxb5 Bc8 40. Qd3 Qd6
41. b5 f5 42. Rc6 Qe5 43. Qc4 Bd7 44. b6 fxe4 45. Rxe4 Qf5 46. Rf4 Qxh3+ 47.
Kg1 Ra8 48. Qf1 Qh5 49. b7 Rb8 50. Qc1 Be5 51. Rc8+ Kg7 52. Rh4 Qe2 53. Qh6+
Kf6 54. Rf4+ Bf5 55. Qf8+ Kg5 56. Qe7+ 1-0

[Event "Wch-U08"]
[Site "Batumi GEO"]
[Date "2016.10.23"]
[Round "5.2"]
[White "Ivanov, Svetlen"]
[Black "Atanasov, Anthony"]
[Result "1/2-1/2"]
[WhiteElo "1764"]
[BlackElo "1546"]
[PlyCount "137"]
[EventDate "2016.10.19"]
[EventType "swiss"]
[EventRounds "11"]
[EventCountry "GEO"]
[Source "Chess Mix"]

1. Nf3 Nf6 2. g3 g6 3. Bg2 Bg7 4. O-O O-O 5. d4 d5 6. c4 c6 7. Nc3 dxc4 8. Ne5
Be6 9. Re1 Nd5 10. Bf4 g5 11. Bd2 h6 12. Na4 Nd7 13. Nxd7 Bxd7 14. e4 Nc7 15.
Be3 b6 16. Nc3 b5 17. f4 gxf4 18. gxf4 e6 19. Qh5 f5 20. exf5 exf5 21. Rad1 Be8
22. Qh3 Nd5 23. Nxd5 cxd5 24. Bf2 Qd6 25. Qf3 Bc6 26. Rd2 Qg6 27. Rde2 Rfe8 28.
Kh1 Rxe2 29. Rxe2 Re8 30. Rxe8+ Qxe8 31. Qe3 Qxe3 32. Bxe3 b4 33. Bf1 Bb5 34.
Kg2 Kf7 35. Kf2 Ke6 36. Ke1 a5 37. Kd1 Kd6 38. Kc1 Kc7 39. a3 Kb6 40. axb4 axb4
41. Bh3 Bd7 42. Kc2 Ka5 43. Bg2 Be6 44. Bf2 Bf6 45. Bf3 Ka4 46. Bg2 Bf7 47. Bh3
Be6 48. Bg2 Be7 49. Be1 b3+ 50. Kc1 Bb4 51. Bd2 Bxd2+ 52. Kxd2 Kb4 53. Bf1 Bd7
54. Be2 Bb5 55. Bf1 c3+ 56. bxc3+ Ka4 57. Bxb5+ Kxb5 58. Kc1 h5 59. h4 Kc4 60.
Kb2 Kd3 61. Kxb3 Ke4 62. Kb4 Kxf4 63. c4 dxc4 64. Kxc4 Kg3 65. d5 f4 66. d6 f3
67. d7 f2 68. d8=Q f1=Q+ 69. Qd3+ 1/2-1/2

[Event "Wch-U08"]
[Site "Batumi GEO"]
[Date "2016.10.24"]
[Round "6.2"]
[White "Atanasov, Anthony"]
[Black "Dang, Anh Minh"]
[Result "1-0"]
[WhiteElo "1546"]
[BlackElo "1495"]
[PlyCount "103"]
[EventDate "2016.10.19"]
[EventType "swiss"]
[EventRounds "11"]
[EventCountry "GEO"]
[Source "Chess Mix"]

1. d4 d5 2. Nf3 c5 3. e3 Nc6 4. c3 e6 5. Bd3 Nf6 6. Nbd2 Be7 7. O-O O-O 8. Qe2
b6 9. Ne5 Nxe5 10. dxe5 Nd7 11. f4 f5 12. Nf3 Bb7 13. Kf2 a6 14. a4 c4 15. Bc2
Nc5 16. Nd4 Qd7 17. Bd2 a5 18. h3 Kh8 19. g4 g6 20. g5 Ba6 21. Rh1 Kg7 22. h4
Rh8 23. h5 Raf8 24. Rag1 Kf7 25. Qd1 Bb7 26. Rh2 Bc6 27. Rgh1 Rhg8 28. hxg6+
hxg6 29. Rh7+ Rg7 30. R1h6 Rxh7 31. Rxh7+ Ke8 32. Rg7 Bxa4 33. Rxg6 Nd3+ 34.
Kg3 Nxb2 35. Qb1 Bxc2 36. Qxb2 Bb3 37. Nxe6 Rh8 38. Ng7+ Kf7 39. e6+ Kxg6 40.
exd7 Kxg7 41. e4 dxe4 42. Be3 Rh1 43. Bxb6 Rd1 44. Bd4+ Kf7 45. Qe2 Rd3+ 46.
Kh4 Bd1 47. Qa2 Bg4 48. Qxc4+ Kf8 49. Qc8+ Kf7 50. Qe8+ Ke6 51. d8=N+ Kd6 52.
Qc6# 1-0

[Event "Wch-U08"]
[Site "Batumi GEO"]
[Date "2016.10.26"]
[Round "7.1"]
[White "Kurbandurdyew, Shageldi"]
[Black "Atanasov, Anthony"]
[Result "1-0"]
[WhiteElo "1240"]
[BlackElo "1546"]
[PlyCount "129"]
[EventDate "2016.10.19"]
[EventType "swiss"]
[EventRounds "11"]
[EventCountry "GEO"]
[Source "Chess Mix"]

1. e4 c5 2. Nf3 d6 3. d4 cxd4 4. Nxd4 Nf6 5. Nc3 a6 6. Be2 e6 7. O-O Nbd7 8.
Be3 b5 9. a4 bxa4 10. Rxa4 Bb7 11. Bf3 Nc5 12. Ra1 Be7 13. Qe2 O-O 14. Bd2 Qc7
15. Rfe1 Ncd7 16. Nb3 Ne5 17. Bf4 Nc4 18. Bc1 Nd7 19. Nd2 Ndb6 20. Rb1 Bf6 21.
Nxc4 Nxc4 22. Qd3 Ne5 23. Qe2 Rac8 24. Bf4 Nc4 25. Red1 Rfd8 26. h3 Nxb2 27.
Rxb2 Bxc3 28. Rb3 e5 29. Be3 Ba5 30. Rdb1 Bc6 31. Qxa6 Ra8 32. Qc4 Qd7 33. Bg4
Qe8 34. Bg5 d5 35. Qc5 f6 36. Be3 d4 37. Bc1 Bxe4 38. Rb5 Bc3 39. Qc4+ Kh8 40.
Qb3 f5 41. Be2 Bc6 42. Rc5 Ba4 43. Qa2 Bd7 44. Qd5 Bb5 45. Qf3 Bd7 46. Qg3 f4
47. Qf3 Qe7 48. Rd5 Rab8 49. Rxb8 Rxb8 50. Ba3 Qe8 51. Bd6 Bc6 52. Bxb8 Qxb8
53. Rd8+ Qxd8 54. Qxc6 g6 55. Qe6 Qg5 56. Bc4 Kg7 57. Qg8+ Kh6 58. Qf8+ Kh5 59.
Be2+ Kh4 60. Qf7 h6 61. Bd3 Kh5 62. Qd5 Qe7 63. Qf3+ Kg5 64. Qg4+ Kf6 65. Qxg6#
1-0

[Event "Wch-U08"]
[Site "Batumi GEO"]
[Date "2016.10.27"]
[Round "8.2"]
[White "Atanasov, Anthony"]
[Black "Orujov, Farid"]
[Result "1-0"]
[WhiteElo "1546"]
[BlackElo "1377"]
[PlyCount "41"]
[EventDate "2016.10.19"]
[EventType "swiss"]
[EventRounds "11"]
[EventCountry "GEO"]
[Source "Chess Mix"]

1. d4 Nf6 2. Nf3 c5 3. d5 b5 4. Bg5 Qa5+ 5. Nbd2 Nxd5 6. e4 Nc7 7. Be3 d6 8. c3
g6 9. a4 Qb6 10. axb5 Nxb5 11. Nc4 Qc7 12. e5 Bb7 13. exd6 Nxd6 14. Bf4 Qd7 15.
Nce5 Qe6 16. Qa4+ Bc6 17. Ng5 Qd5 18. Qa3 h6 19. Rd1 Nc4 20. Bxc4 Qxg2 21.
Bxf7# 1-0

[Event "Wch-U08"]
[Site "Batumi GEO"]
[Date "2016.10.29"]
[Round "10.6"]
[White "Mardov, Dimitar"]
[Black "Atanasov, Anthony"]
[Result "0-1"]
[WhiteElo "1369"]
[BlackElo "1546"]
[PlyCount "148"]
[EventDate "2016.10.19"]
[EventType "swiss"]
[EventRounds "11"]
[EventCountry "GEO"]
[Source "Chess Mix"]

1. e4 c5 2. Nf3 d6 3. d4 cxd4 4. Nxd4 Nf6 5. Nc3 a6 6. f3 e6 7. Be3 b5 8. Qd2
Nbd7 9. O-O-O Bb7 10. g4 b4 11. Nce2 Qc7 12. g5 Ng8 13. h4 Ne5 14. Ng3 d5 15.
f4 Ng4 16. e5 Nxe3 17. Qxe3 O-O-O 18. Bd3 Bc5 19. f5 Ne7 20. Nge2 Nc6 21. fxe6
fxe6 22. Qf4 Qb6 23. c3 bxc3 24. bxc3 Rhf8 25. Qe3 Rd7 26. Rhf1 Rdf7 27. Rxf7
Rxf7 28. Bc2 Na5 29. Bb3 Nxb3+ 30. axb3 Qxb3 31. Nxb3 Bxe3+ 32. Kc2 Bc6 33. Rd3
Ba7 34. Nbd4 Bb5 35. Nxb5 axb5 36. Kb3 Kb7 37. Kb4 Kc6 38. Kb3 Rf5 39. Ng3 Rxe5
40. Nh5 g6 41. Nf6 Bc5 42. Nxh7 Re4 43. Rh3 Be7 44. h5 gxh5 45. Rxh5 Rg4 46.
Rh6 Kd6 47. Rg6 Rg3 48. Kb4 Rg4+ 49. Kb3 Rg3 50. Kb4 Kc6+ 51. Kb3 Kd7 52. Kc2
Kd6 53. Rg8 e5 54. Rg6+ Kd7 55. Rg7 Ke6 56. Rg6+ Kf5 57. Rb6 Bxg5 58. Rxb5 Be7
59. Rb8 Rg7 60. Nf8 Rf7 61. Nd7 Bd6 62. Rd8 Ke6 63. Nb6 Rf2+ 64. Kb3 Bc7 65.
Rc8 Bxb6 66. Rc6+ Kf5 67. Rxb6 Ke4 68. c4 d4 69. Rd6 Ke3 70. c5 d3 71. c6 Rc2
72. Re6 e4 73. Rd6 Rc1 74. Kb2 d2 0-1